|
|
|
|
| LEADER |
00000nam0a2200000 4500 |
| 001 |
295834 |
| 005 |
20231101002526.0 |
| 020 |
|
|
|a RU
|b 83-5319
|
| 035 |
|
|
|a (RuTPU)RU\TPU\book\320923
|
| 090 |
|
|
|a 295834
|
| 100 |
|
|
|a 20150526d1983 km y0rusy5003 ca
|
| 101 |
0 |
|
|a rus
|
| 102 |
|
|
|a RU
|
| 105 |
|
|
|a a z 001zy
|
| 200 |
1 |
|
|a Графы зубчатых механизмов
|f Ю. А. Сушков
|
| 210 |
|
|
|a Ленинград
|c Машиностроение
|d 1983
|
| 215 |
|
|
|a 215 с.
|c ил.
|
| 320 |
|
|
|a Библиогр.: с. 211-212
|
| 320 |
|
|
|a Предметный указатель: с. 213-214
|
| 606 |
1 |
|
|a Зубчатые передачи
|x Кинематический расчет
|2 stltpush
|3 (RuTPU)RU\TPU\subj\12093
|
| 610 |
1 |
|
|a графов теория
|
| 610 |
1 |
|
|a топологические методы
|
| 610 |
1 |
|
|a структурные числа
|
| 610 |
1 |
|
|a графы
|
| 610 |
1 |
|
|a матрицы
|
| 610 |
1 |
|
|a теория
|
| 610 |
1 |
|
|a кинематические схемы
|
| 610 |
1 |
|
|a построение
|
| 610 |
1 |
|
|a размещение
|
| 675 |
|
|
|a 621.833
|z rus
|v 3
|
| 700 |
|
1 |
|a Сушков
|b Ю. А.
|g Юрий Акимович
|4 070
|
| 801 |
|
0 |
|a RU
|b RuMRKP
|c 19950704
|g psbo
|
| 801 |
|
1 |
|a RU
|b 63413507
|c 20150526
|
| 801 |
|
2 |
|a RU
|b 63413507
|c 20180406
|g RCR
|
| 942 |
|
|
|c BK
|